<?xml version="1.0" encoding="UTF-8"?><?xml-stylesheet type="text/xsl" href="static/style.xsl"?><OAI-PMH xmlns="http://www.openarchives.org/OAI/2.0/" xmlns:xsi="http://www.w3.org/2001/XMLSchema-instance" xsi:schemaLocation="http://www.openarchives.org/OAI/2.0/ http://www.openarchives.org/OAI/2.0/OAI-PMH.xsd"><responseDate>2026-04-13T13:44:56Z</responseDate><request verb="GetRecord" identifier="oai:www.recercat.cat:20.500.14342/922" metadataPrefix="marc">https://recercat.cat/oai/request</request><GetRecord><record><header><identifier>oai:recercat.cat:20.500.14342/922</identifier><datestamp>2025-12-10T20:18:54Z</datestamp><setSpec>com_2072_482405</setSpec><setSpec>com_2072_183628</setSpec><setSpec>col_2072_482412</setSpec></header><metadata><record xmlns="http://www.loc.gov/MARC21/slim" xmlns:dcterms="http://purl.org/dc/terms/" xmlns:xsi="http://www.w3.org/2001/XMLSchema-instance" xmlns:doc="http://www.lyncode.com/xoai" xsi:schemaLocation="http://www.loc.gov/MARC21/slim http://www.loc.gov/standards/marcxml/schema/MARC21slim.xsd">
   <leader>00925njm 22002777a 4500</leader>
   <datafield ind2=" " ind1=" " tag="042">
      <subfield code="a">dc</subfield>
   </datafield>
   <datafield ind2=" " ind1=" " tag="720">
      <subfield code="a">Morata García, Txus</subfield>
      <subfield code="e">author</subfield>
   </datafield>
   <datafield ind2=" " ind1=" " tag="260">
      <subfield code="c">2014-07-24</subfield>
   </datafield>
   <datafield ind2=" " ind1=" " tag="520">
      <subfield code="a">The current situation of social and economic instability affecting our society has revealed the existence of large pockets of people living in conditions of disadvantage or social exclusion. Social policies have responded to specific situations,&#xd;
but have not articulated a strong social fabric capable of effectively integrating the excluded or preventing these processes. This article presents the model of pedagogical intervention known as community education, which focuses on two key objectives: improving people’s quality of life and subjective sense of well-being, especially for those in a situation of social exclusion; and promoting social cohesion. These goals are made operational through increased participation, the empowerment of individuals and communities, co-responsibility and social awareness.</subfield>
   </datafield>
   <datafield ind2=" " ind1=" " tag="520">
      <subfield code="a">La actual situación de inestabilidad social y económica que vive nuestra sociedad ha evidenciado la existencia de grandes bolsas de personas que viven en situación de marginación o exclusión social. Las políticas sociales han dado respuesta&#xd;
a situaciones concretas, pero no han articulado un tejido social fuerte que permita incorporar de forma efectiva a la persona excluida, ni prevenir dichos procesos. Se presenta en este artículo un modelo de intervención socioeducativa denominado&#xd;
Pedagogía Social Comunitaria que centra su acción en dos objetivos: la mejora de la calidad de vida y el bienestar subjetivo de las personas, especialmente aquellas que se encuentran en situación de exclusión social; y el fomento de la&#xd;
cohesión social. Dichas finalidades se operativizan mediante el incremento de la participación, el empoderamiento individual y comunitario, la corresponsabilidad y la sensibilización social.</subfield>
   </datafield>
   <datafield ind2=" " ind1=" " tag="520">
      <subfield code="a">L’actual situació d’inestabilitat social i econòmica que viu la nostra societat ha evidenciat l’existència de grans bosses de persones que viuen en situació de marginació o exclusió social. Les polítiques socials han donat resposta a situacions concretes, però no han articulat un teixit social fort que permeti incorporar de manera efectiva la persona exclosa,&#xd;
ni prevenir aquests processos. Es presenta en aquest article un model d’intervenció socioeducativa anomenat Pedagogia Social Comunitària que centra la seva acció en dos objectius: la millora de la qualitat de vida i el benestar de les persones, especialment d’aquelles que es troben en situació d’exclusió social; i el foment de la cohesió social. Aquestes finalitats s’operativitzen mitjançant l’increment de la participació, l’empoderament individual i comunitari, la coresponsabilitat i la sensibilització social.</subfield>
   </datafield>
   <datafield ind1="8" ind2=" " tag="024">
      <subfield code="a">http://hdl.handle.net/20.500.14342/922</subfield>
   </datafield>
   <datafield tag="653" ind2=" " ind1=" ">
      <subfield code="a">Exclusió social</subfield>
   </datafield>
   <datafield tag="653" ind2=" " ind1=" ">
      <subfield code="a">Pedagogia social</subfield>
   </datafield>
   <datafield tag="653" ind2=" " ind1=" ">
      <subfield code="a">Cohesio social</subfield>
   </datafield>
   <datafield tag="653" ind2=" " ind1=" ">
      <subfield code="a">Animació sociocultural</subfield>
   </datafield>
   <datafield ind2="0" ind1="0" tag="245">
      <subfield code="a">Pedagogia Social Comunitària: un model d’intervenció socioeducativa integral</subfield>
   </datafield>
</record></metadata></record></GetRecord></OAI-PMH>